Normal görünüm
MARC görünümü
Giriş Meeting Name
001 - CONTROL NUMBER
- control field: 3321
003 - CONTROL NUMBER IDENTIFIER
- control field: TR-AnABB
005 - DATE AND TIME OF LATEST TRANSACTION
- control field: 20260407092946.0
008 - FIXED-LENGTH DATA ELEMENTS
- fixed length control field: 260407|| aca||aabn | a|a d
040 ## - CATALOGING SOURCE
- Original cataloging agency: TR-AnABB
- Transcribing agency: TR-AnABB
111 ## - HEADING--MEETING NAME
- Meeting name or jurisdiction name as entry element: Ulusal Bölge Planlaması Kongresi
- Number of part/section/meeting: (2. :
- Date of meeting or treaty signing: 1989 :
- Location of meeting: İstanbul)
670 ## - SOURCE DATA FOUND
- Source citation: Koha: (TR-AnABB)10178: Ulusal Bölge Planlaması Kongresi (2. : 1989 : İstanbul), 2. Ulusal Bölge Planlaması Kongresi :, 1989
